[Event "Moscow op (Women) 16th"]
[Site "Moscow"]
[Date "2020.01.28"]
[Round "4"]
[White "Ponomareva, Varvara"]
[Black "Urusova, Kseniya"]
[Result "1-0"]
[WhiteElo "1532"]
[BlackElo "1631"]
[PlyCount "135"]
[EventDate "2020.01.25"]
[EventType "swiss"]
[EventRounds "9"]
[EventCountry "RUS"]
[SourceTitle "CBM 194 Extra"]
[Source "ChessBase"]
[SourceDate "2020.03.31"]
[SourceVersion "1"]
[SourceVersionDate "2020.03.31"]
[SourceQuality "1"]

1. d4 Nf6 2. c4 e6 3. Nc3 d5 4. cxd5 exd5 5. Bg5 Be7 6. e3 0-0 7. Bd3 c6 8. Qc2 h6 9. Bf4 Nbd7 10. Nge2 Nh5 11. Bg3 Nxg3 12. Nxg3 Nf6 13. 0-0 Bd6 14. Rad1 Re8 15. a3 a5 16. Rb1 Qe7 17. Na4 Ne4 18. Bxe4 dxe4 19. Nb6 Rb8 20. Nxc8 Rbxc8 21. Nf5 Qc7 22. Nxd6 Qxd6 23. Rbc1 Re7 24. Qc5 Qc7 25. Rc2 Rd7 26. Rfc1 Rcd8 27. Qf5 Re7 28. g3 Qb6 29. Qc5 Qc7 30. b4 axb4 31. axb4 Qd7 32. Rb2 Qe8 33. Qb6 Rd5 34. Rc5 Qa8 35. Ra5 Rxa5 36. bxa5 Rd7 37. Rc2 Rd5 38. Rc5 Rxc5 39. Qxc5 Qc8 40. Qe5 f5 41. Kf1 Kf7 42. Ke2 Qe6 43. Qc7+ Qe7 44. Qb6 Qd7 45. Kd2 g6 46. Kc3 Kg7 47. Qa7 Qc7 48. Kb4 Qe7+ 49. Ka4 Kf6 50. Kb3 Qe6+ 51. Kb2 Qe7 52. Kb3 Qe6+ 53. Ka3 Qd6+ 54. Ka4 Qe7 55. Qb6 Qd7 56. Kb4 Qd6+ 57. Qc5 Ke6 58. Kc4 Kd7 59. Qe5 Qxe5 60. dxe5 g5 61. Kc5 Ke6 62. Kb6 Kxe5 63. Kxb7 c5 64. a6 c4 65. a7 c3 66. a8Q Kd5 67. Qa2+ Kc5 68. Qb3 1-0

[Event "Moscow op (Women) 16th"]
[Site "Moscow"]
[Date "2020.01.25"]
[Round "1"]
[White "Urusova, Kseniya"]
[Black "Levicheva, Ekaterina"]
[Result "0-1"]
[WhiteElo "1631"]
[BlackElo "2012"]
[PlyCount "52"]
[EventDate "2020.01.25"]
[EventType "swiss"]
[EventRounds "9"]
[EventCountry "RUS"]
[SourceTitle "CBM 194 Extra"]
[Source "ChessBase"]
[SourceDate "2020.03.31"]
[SourceVersion "1"]
[SourceVersionDate "2020.03.31"]
[SourceQuality "1"]

1. e4 e6 2. d4 d5 3. exd5 exd5 4. Bd3 Bd6 5. Nf3 Ne7 6. c3 Bg4 7. 0-0 Qd7 8. Re1 0-0 9. Bg5 Ng6 10. Nbd2 h6 11. Be3 Nc6 12. Qc2 Nce7 13. h3 Be6 14. Rad1 Nf5 15. b3 Nfh4 16. Bf1 Bf5 17. Qb2 Rae8 18. c4 c6 19. Rc1 Be4 20. Nxh4 Nxh4 21. Nxe4 dxe4 22. Qd2 Qf5 23. Rcd1 Re6 24. Qc2 Rg6 25. Kh1 Nf3 26. Re2 Qxh3+ 0-1